| 000 | 00415nam a2200121Ia 4500 | ||
|---|---|---|---|
| 008 | 220216s9999 xx 000 0 und d | ||
| 100 | _aHing J L T | ||
| 245 | 0 | _aImpact of packaging and transportation on natural rubber marketing | |
| 260 | _bProceedings of the International Rubber Marketing Conference, 1983, Kuala Lumpur, Malaysia, p138-147 | ||
| 650 | _aNR marketing | ||
| 650 | _aRubber industry | ||
| 942 | _cJS | ||
| 999 |
_c60752 _d60752 |
||